000 00497nam a2200205 i 4500
001 bg
100 1 _aKRUK, Stanisław
245 0 _aProcesor Pentium /
_cStanisław Kruk.
260 _aWarszawa :
_bPLJ,
_c1998.
300 _a390 s. :
_brys. ;
_c24 cm.
650 9 _aMikroprocesor
_xPentium
650 9 _aProgramowanie
020 _a837101371X
040 _cBPK
041 0 _apl
080 _a004.31
920 _a83-7101-371-X
942 _cKS
008 s pl f |000 0 pol
999 _c33541
_d33541
856 _uhttp://koha.tu.koszalin.pl/cgi-bin/koha/opac-detail.pl?biblionumber=33541
_yKatalog online BPK